Natural disasters
Guardat en:
| Autor principal: | |
|---|---|
| Format: | Llibre |
| Idioma: | anglès |
| Publicat: |
McGraw Hill Education
2020
|
| Etiquetes: |
Afegir etiqueta
Sense etiquetes, Sigues el primer a etiquetar aquest registre!
|
MARC
| LEADER | 00000nam a22000007a 4500 | ||
|---|---|---|---|
| 008 | 230609b |||||||| |||| 00| 0 eng d | ||
| 020 | |a 9781260566048 | ||
| 100 | |a ABBOTT, Patrick | ||
| 245 | |a Natural disasters |c Patrick Abbott |g xvii, 511p; ill | ||
| 250 | |b 11th | ||
| 260 | |b McGraw Hill Education |c 2020 |h New York |i 699632 |i 699633 |l GB5014.Ab2 |m Natural disasters | ||
| 500 | |a it include index | ||
| 942 | |a lcc |c BK |e Johnson |f 09/06/23 | ||
| 952 | |0 0 |1 0 |2 lcc |4 0 |6 GB5014 A B2 |7 0 |9 4230 |a SSL |b HOL |c GJ |d 2023-06-09 |l 0 |o GB5014.Ab2 |p 2023-0159 |r 2023-06-09 00:00:00 |t 699632 |w 2023-06-09 |y BK | ||
| 952 | |0 0 |1 0 |2 lcc |4 0 |6 GB5014 A B2 |7 0 |9 4231 |a HOL |b HOL |c GJ |d 2023-06-09 |l 0 |o GB5014.Ab2 |p 2023-0160 |r 2023-06-09 00:00:00 |t 699633 |w 2023-06-09 |y BK | ||
| 999 | |c 2122 |d 2122 | ||